000 00632nam a2200229Ia 4500
003 OSt
005 20220926041541.0
006 a|||||r|||| 00| 0
007 ta
008 220923b |||||||| |||| 00| 0 eng d
037 _cGeneral Book
040 _aRTL
_cRTL
_beng
041 _2eng
_aeng
082 _aX9(J):8F.236.N2, J4
110 _aPunjab Board of Economic Inquiry
_9294969
245 0 _aFarm accounts in the Punjab, 1951-52
260 _c1954
650 _aAccounts
700 _aPunjab Board of Economic Inquiry
_9294970
942 _hX9(J):8F.236.N2, J4
_cGB
_2CC
999 _c667450
_d667450